LEADER 01540nam a2200289 u 4500 001 000000063897 003 CaOOAMICUS 005 20070226121309.0 008 011109s1985 it u000 u ita u 035 $a10909293 040 $aPUL(R)$bita 100 1 $aBetti, Umberto,$cO.F.M, card.,$d1922-2009.$0(OLS)http://pul/name/2734 245 13$aLa dottrina del Concilio Vaticano II sulla trasmissione della rivelazione :$bil capitolo II della Costituzione dommatica Dei verbum /$cUmberto Betti. 260 $aRoma :$bPont. Athenaeum Antonianum,$c1985. 300 $a367 p. ;$c24 cm 490 1 $aSpicilegium Pontificii Athenaei Antoniani ;$v26 500 $aComprende riferimenti bibliografici e indice. 611 24$aConcilium Vaticanum$n(2 :$d1962-1965)$tDei Verbum.$0(OLS)http://pul/subject/34558 830 0$aSpicilegium Pontificii Athenaei Antoniani ;$v26.$0(OLS)http://pul/title/1487 850 $aPUL 852 $aPUL$W1$xSL Religione 1$y3$m79.M$j1302$nBK-PRI$b $qStampati$B82875$CPULBib$Z2$F82875 $H $81 941 1 $a8 960 $aConcilium Vaticanum$n(2 :$d1962-1965)$tConstitutio dogmatica de divina revelatione$934558 960 $aConcilium Vaticanum$n(2 :$d1962-1965)$tConstitutio Dei Verbum$934558 961 $aINV: 69591 996 $6245$aLa dottrina del Concilio Vaticano II sulla trasmissione della rivelazione :$bil capitolo II della Costituzione dommatica Dei verbum$9(OLS)http://pul/title/85162 996 $6260$aRoma :$bPont. Athenaeum Antonianum$9(OLS)http://pul/publisher/64168 LEADER 01684nam a2200349 a 4500 001 000000138592 003 CaOOAMICUS 005 20140529115131.0 008 140529s2009 it af u000 u ita r 020 $a978-88-8265-542-6 040 $aPUL$bita 041 0 $aita$afre$arus 082 04$a322.1 111 2 $aSeminario internazionale di studi storici "Da Roma alla terza Roma"$n(14 :$d1994 :$cRoma e Mosca).$0(OLS)http://pul/name/89349 245 10$aLaicità tra diritto e religione da Roma a Costantinopoli a Mosca /$ca cura di Pierangelo Catalano e Paolo Siniscalco. 260 $aRoma :$b"L'Erma" di Bretschneider,$c©2009. 300 $aXLIII, 236 p., [1] p. di tav. :$bill. ;$c24 cm 490 1 $aDa Roma alla Terza Roma.$aDocumenti e studi.$aStudi ;$v07 504 $aInclude bibliografia. 546 $aTesti in italiano, francese e russo. 650 4$aLaicismo.$0(OLS)http://pul/subject/33839 700 1 $aCatalano, Pierangelo.$0(OLS)http://pul/name/23567 700 1 $aSiniscalco, Paolo.$0(OLS)http://pul/name/6643 830 0$aDa Roma alla Terza Roma.$pDocumenti e studi.$pStudi ;$v07.$0(OLS)http://pul/title/145962 850 $aPUL 852 $aPUL$W1$xSL Diritto e Scienze Sociali 3$y79$m322. 1 CATPI 1$j159914$qDDC 21$q $B159412$CPULBib$Z2$F159412 $H124111 $81 941 1 $a9 996 $6020$a978-88-8265-542-6$9(OLS)http://pul/number/155388 996 $6082$a322.1$9(OLS)http://pul/classification/1681 996 $6245$aLaicità tra diritto e religione da Roma a Costantinopoli a Mosca$9(OLS)http://pul/title/175452 996 $6260$aRoma :$b"L'Erma" di Bretschneider$9(OLS)http://pul/publisher/48444